Public Relations : (Record no. 16513)

MARC details
000 -LEADER
fixed length control field 00862cam a2200253 a 4500
001 - CONTROL NUMBER
control field 16385718
005 - DATE AND TIME OF LATEST TRANSACTION
control field 20201128020924.0
008 - FIXED-LENGTH DATA ELEMENTS--GENERAL INFORMATION
fixed length control field 100810s2012 nyua b 000 0 eng
020 ## - INTERNATIONAL STANDARD BOOK NUMBER
International Standard Book Number 0205770886
020 ## - INTERNATIONAL STANDARD BOOK NUMBER
International Standard Book Number 9780205770885
040 ## - CATALOGING SOURCE
Original cataloging agency DLC
Transcribing agency DLC
Modifying agency DLC
082 00 - DEWEY DECIMAL CLASSIFICATION NUMBER
Classification number 659.2
Edition number 22
Item number WIL
100 ## - MAIN ENTRY--PERSONAL NAME
9 (RLIN) 2217
Personal name Wilcox , Dennis L.
245 00 - TITLE STATEMENT
Title Public Relations :
Remainder of title strategies and tactics /
Statement of responsibility, etc Dennis L. Wilcox, Glen T. Cameron.
250 ## - EDITION STATEMENT
Edition statement 10th ed.
260 ## - PUBLICATION, DISTRIBUTION, ETC. (IMPRINT)
Place of publication, distribution, etc New York :
Name of publisher, distributor, etc Pearson Longman,
Date of publication, distribution, etc 2012.
300 ## - PHYSICAL DESCRIPTION
Extent 594 p. :
Other physical details col. ill. ;
Dimensions 26 cm.
504 ## - BIBLIOGRAPHY, ETC. NOTE
Bibliography, etc Includes bibliographical references (p.[575]-581) and index.
650 #0 - SUBJECT ADDED ENTRY--TOPICAL TERM
Topical term or geographic name as entry element Public relations.
9 (RLIN) 29090
653 ## - INDEX TERM--UNCONTROLLED
Arrived date list February2012
700 1# - ADDED ENTRY--PERSONAL NAME
Personal name Cameron, Glen T.
9 (RLIN) 29091
942 ## - ADDED ENTRY ELEMENTS (KOHA)
Source of classification or shelving scheme Dewey Decimal Classification
Item type Book - Borrowing
Holdings
Withdrawn status Item status Source of classification or shelving scheme Damaged status Not for loan Vendor Home library Current library Shelving location Date acquired Source of acquisition Cost, normal purchase price Total Checkouts Full call number Barcode Date last seen Cost, replacement price Koha item type Total Renewals Date last borrowed Materials specified (bound volume or other part)
    Dewey Decimal Classification     Baccah Central Library Central Library First floor 22/02/2012   200.00   659.2 WIL 000026186 15/07/2025 250.00 NB - Book (Non borrowing)      
    Dewey Decimal Classification     Baccah Central Library Central Library First floor 22/02/2012   200.00 7 659.2 WIL 000026187 15/07/2025 250.00 Book - Borrowing 38 05/02/2017  
  Lost Dewey Decimal Classification     Baccah Central Library Central Library First floor 22/02/2012   200.00 2 659.2 WIL 000026188 23/02/2013 250.00 Book - Borrowing   12/02/2013 Lost In Inventory_2015-8-23
    Dewey Decimal Classification     Baccah Central Library Central Library First floor 22/02/2012   200.00 18 659.2 WIL 000026189 15/07/2025 250.00 Book - Borrowing 53 15/10/2018  
    Dewey Decimal Classification     Baccah Central Library Central Library First floor 22/02/2012   200.00 8 659.2 WIL 000026190 15/07/2025 250.00 Book - Borrowing 41 05/04/2018  
    Dewey Decimal Classification     Baccah Central Library Central Library First floor 22/02/2012   200.00 11 659.2 WIL 000026191 15/07/2025 250.00 Book - Borrowing 55 13/05/2018  
    Dewey Decimal Classification     Baccah Central Library Central Library First floor 22/02/2012   200.00 12 659.2 WIL 000026192 15/07/2025 250.00 Book - Borrowing 34 08/10/2018  
    Dewey Decimal Classification     Baccah Central Library Central Library First floor 22/02/2012   200.00 16 659.2 WIL 000026193 15/07/2025 250.00 Book - Borrowing 81 25/07/2019  
    Dewey Decimal Classification     Baccah Central Library Central Library First floor 22/02/2012   200.00 19 659.2 WIL 000026194 15/07/2025 250.00 Book - Borrowing 88 26/02/2020  
  Lost Dewey Decimal Classification     Baccah Central Library Central Library First floor 22/02/2012   200.00 1 659.2 WIL 000026195 06/03/2012 250.00 Book - Borrowing   28/02/2012 Lost In Inventory_2015-8-23
    Dewey Decimal Classification       Central Library Central Library First floor 02/04/2018       659.2 WIL 000047546 15/07/2025   Book - Borrowing